[Event "Aragon-chT Preferente Gr-I"]
[Site "Aragon"]
[Date "2020.02.08"]
[Round "3.45"]
[White "Hernandez Delgado, Gabriel"]
[Black "Romon Poves, Raul"]
[Result "0-1"]
[WhiteElo "1876"]
[BlackElo "2237"]
[PlyCount "120"]
[EventDate "2020.01.25"]
[EventType "team-tourn"]
[EventRounds "9"]
[EventCountry "ESP"]
[SourceTitle "EXT 2022"]
[Source "ChessBase"]
[SourceDate "2021.10.06"]
[SourceVersion "1"]
[SourceVersionDate "2021.10.06"]
[SourceQuality "1"]
[WhiteTeam "El Olivar III"]
[BlackTeam "Shatranj"]
[WhiteTeamCountry "ESP"]
[BlackTeamCountry "ESP"]

1. d4 Nf6 2. Bg5 Ne4 3. h4 c5 4. dxc5 Nc6 5. Nd2 Nxc5 6. e4 d5 7. exd5 Qxd5 8. Ngf3 Ne5 9. Bb5+ Bd7 10. Bxd7+ Ncxd7 11. 0-0 e6 12. Qe2 h6 13. Bf4 Ng6 14. Bg3 Be7 15. h5 Qxh5 16. Ne4 0-0 17. Nd6 b6 18. Rad1 Nf6 19. Qa6 Rfd8 20. Qb7 Nd5 21. Nb5 Ndf4 22. Bxf4 Nxf4 23. Rxd8+ Rxd8 24. Re1 Qxb5 25. Qxe7 Qd7 26. Qh4 Ng6 27. Qe4 b5 28. c4 bxc4 29. Qxc4 Qd5 30. Qa6 Rd7 31. b3 Rc7 32. Qe2 Rd7 33. Qb2 Nf4 34. Qc2 g6 35. Qe4 Qxe4 36. Rxe4 g5 37. g3 Nd5 38. Rd4 Rc7 39. Rd2 Kg7 40. Ne5 f5 41. Nc4 Kf6 42. Re2 h5 43. Kg2 Rd7 44. Ne5 Rh7 45. Rc2 Rc7 46. Nc4 e5 47. Rd2 Rd7 48. f3 Ne3+ 49. Kf2 Rxd2+ 50. Nxd2 Nd5 51. a3 Ke6 52. b4 Nb6 53. Ke3 Kd5 54. Kd3 h4 55. gxh4 gxh4 56. Nf1 Nc4 57. a4 Nb2+ 58. Kc2 Nxa4 59. Kb3 Nb6 60. Ne3+ Ke6 0-1

[Event "Aragon-chT Preferente Gr-I"]
[Site "Aragon"]
[Date "2019.02.09"]
[Round "3.33"]
[White "Romon Poves, Raul"]
[Black "Pache Marconell, Juan Manuel"]
[Result "1-0"]
[WhiteElo "2257"]
[BlackElo "1870"]
[PlyCount "39"]
[EventDate "2019.01.26"]
[EventType "team-tourn"]
[EventRounds "9"]
[EventCountry "ESP"]
[SourceTitle "EXT 2020"]
[Source "ChessBase"]
[SourceDate "2019.10.17"]
[SourceVersion "1"]
[SourceVersionDate "2019.10.17"]
[SourceQuality "1"]
[WhiteTeam "Shatranj"]
[BlackTeam "Teruel II"]
[WhiteTeamCountry "ESP"]
[BlackTeamCountry "ESP"]

1. e4 e6 2. d4 d5 3. Nc3 Nf6 4. Bg5 Be7 5. e5 Ne4 6. Bxe7 Qxe7 7. Nxe4 dxe4 8. c3 e3 9. f4 g5 10. Qf3 c5 11. Bb5+ Nd7 12. Ne2 cxd4 13. cxd4 0-0 14. Qxe3 gxf4 15. Nxf4 Nb6 16. 0-0 Nd5 17. Qe4 f5 18. exf6 Nxf6 19. Qe5 a6 20. Nd5 1-0

[Event "Aragon-chT Preferente Gr-I"]
[Site "Aragon"]
[Date "2019.02.02"]
[Round "2.49"]
[White "Cirera Sancho, Alberto"]
[Black "Romon Poves, Raul"]
[Result "0-1"]
[WhiteElo "1950"]
[BlackElo "2257"]
[PlyCount "90"]
[EventDate "2019.01.26"]
[EventType "team-tourn"]
[EventRounds "9"]
[EventCountry "ESP"]
[SourceTitle "EXT 2020"]
[Source "ChessBase"]
[SourceDate "2019.10.17"]
[SourceVersion "1"]
[SourceVersionDate "2019.10.17"]
[SourceQuality "1"]
[WhiteTeam "Monsalud Soluzion"]
[BlackTeam "Shatranj"]
[WhiteTeamCountry "ESP"]
[BlackTeamCountry "ESP"]

1. e4 c5 2. Nf3 Nc6 3. d4 cxd4 4. Nxd4 e6 5. Be2 Qc7 6. Nc3 a6 7. Bg5 Be7 8. h4 b5 9. Bf3 Ne5 10. g4 Bb7 11. Bg2 Nf6 12. Bxf6 Bxf6 13. g5 Be7 14. Qe2 Nc4 15. 0-0 0-0 16. b3 Na3 17. Qd3 Qf4 18. Rae1 Bb4 19. Re3 Rac8 20. Nce2 Qxh4 21. f4 Qh5 22. Rh3 Qg6 23. f5 Qxg5 24. f6 g6 25. Rf4 Rc3 26. Nxc3 Qxf4 27. Nce2 Qxf6 28. e5 Qxe5 29. Bxb7 Rb8 30. Be4 Bc5 31. Kg2 f5 32. Bf3 Qd6 33. Qd2 Rf8 34. c4 bxc4 35. bxc4 Nxc4 36. Qc3 Ne5 37. Bb7 Rb8 38. Bxa6 Bxd4 39. Qxd4 Qc6+ 40. Kg3 Qf3+ 41. Kh4 h6 42. Rxf3 Nxf3+ 43. Kg3 Nxd4 44. Nxd4 Ra8 45. Bc4 Ra4 0-1

[Event "Zaragoza Province-ch Preferente"]
[Site "Zaragoza"]
[Date "2015.10.18"]
[Round "4"]
[White "Romon Poves, Raul"]
[Black "Martin Barbero, Roberto"]
[Result "1-0"]
[WhiteElo "2362"]
[BlackElo "1967"]
[PlyCount "107"]
[EventDate "2015.09.27"]
[EventType "swiss"]
[EventRounds "6"]
[EventCountry "ESP"]
[SourceTitle "CBM 170 Extra"]
[Source "ChessBase"]
[SourceDate "2016.02.25"]
[SourceVersion "1"]
[SourceVersionDate "2016.02.25"]
[SourceQuality "1"]

1. d4 Nf6 2. c4 g6 3. Nc3 Bg7 4. e4 d6 5. f4 0-0 6. Nf3 c5 7. d5 Na6 8. Bd3 Nc7 9. 0-0 Rb8 10. e5 Nfe8 11. Qe2 a6 12. Ng5 b5 13. b3 bxc4 14. bxc4 e6 15. dxe6 Nxe6 16. Nxe6 fxe6 17. Rd1 dxe5 18. Bxg6 Qf6 19. Bxe8 Rxe8 20. Ne4 Qg6 21. Rd3 exf4 22. Bxf4 Rb2 23. Bd2 Bb7 24. Nxc5 Qf5 25. Nxb7 Rxb7 26. Rg3 Kh8 27. Rf1 Rb1 28. Rgf3 Qc2 29. Rxb1 Qxb1+ 30. Qe1 Bd4+ 31. Kh1 Qxe1+ 32. Bxe1 Rc8 33. h4 Rxc4 34. Kh2 Rc2 35. Ra3 Rc6 36. Kg3 Kg7 37. Kf4 Kg6 38. Ke4 Bf6 39. g4 h5 40. gxh5+ Kxh5 41. Ra5+ Kg6 42. h5+ Kg7 43. Bd2 Rd6 44. Be3 Bd8 45. Rc5 Bb6 46. Rg5+ Kf6 47. Rg6+ Kf7 48. Bg5 Bd8 49. Bf4 Rd5 50. Be5 Rd1 51. Rg7+ Kf8 52. h6 Ba5 53. h7 Re1+ 54. Kf3 1-0

[Event "Zaragoza Province-ch Preferente"]
[Site "Zaragoza"]
[Date "2015.09.27"]
[Round "1"]
[White "Antonano Fedz Quincoces, Avelino"]
[Black "Romon Poves, Raul"]
[Result "1-0"]
[WhiteElo "1970"]
[BlackElo "2362"]
[PlyCount "119"]
[EventDate "2015.09.27"]
[EventType "swiss"]
[EventRounds "6"]
[EventCountry "ESP"]
[SourceTitle "CBM 170 Extra"]
[Source "ChessBase"]
[SourceDate "2016.02.25"]
[SourceVersion "1"]
[SourceVersionDate "2016.02.25"]
[SourceQuality "1"]

1. e4 c5 2. Nf3 Nc6 3. d4 cxd4 4. Nxd4 Nf6 5. Nc3 e5 6. Ndb5 d6 7. a4 a6 8. Na3 Bg4 9. f3 Be6 10. Be3 Nb4 11. Bc4 Rc8 12. Nd5 Nbxd5 13. exd5 Bxd5 14. Bxd5 Qa5+ 15. c3 Qxd5 16. Qxd5 Nxd5 17. Bf2 Nf4 18. 0-0 Be7 19. Rad1 0-0 20. Be3 Ne6 21. f4 e4 22. Nc2 Nc5 23. Bxc5 Rxc5 24. Nd4 f5 25. Ne6 Rc4 26. Nxf8 Kxf8 27. Rd4 Rc6 28. Rfd1 Kf7 29. Rd5 Ke6 30. Kf2 Rb6 31. R1d2 g5 32. g3 Rc6 33. Ke3 Rc4 34. R2d4 Rc6 35. g4 gxf4+ 36. Kxf4 fxg4 37. Rh5 d5 38. Rdxd5 Rc4 39. Rd4 Rc7 40. Rxe4+ Kf6 41. Kxg4 Kg6 42. Rhe5 Bf6 43. Re6 h5+ 44. Kf3 Kf5 45. Rb6 Bg5 46. Reb4 Rd7 47. Rd4 Rxd4 48. cxd4 h4 49. Rxb7 Bd2 50. b4 Bc3 51. b5 axb5 52. Rxb5+ Ke6 53. Ke4 Kd6 54. Rh5 Be1 55. Rh6+ Kc7 56. Kd5 Kb7 57. Ke6 Bf2 58. d5 Be3 59. Rxh4 Bg5 60. Rc4 1-0

[Event "Zaragoza Artistica op"]
[Site "Zaragoza"]
[Date "2013.04.21"]
[Round "4"]
[White "Romon Poves, Raul"]
[Black "Naya Sancho, Jose Ignacio"]
[Result "1-0"]
[WhiteElo "2281"]
[BlackElo "2144"]
[PlyCount "57"]
[EventDate "2013.04.13"]
[EventType "swiss"]
[EventRounds "9"]
[EventCountry "ESP"]
[SourceTitle "CBM 154 Extra"]
[Source "ChessBase"]
[SourceDate "2013.06.25"]
[SourceVersion "2"]
[SourceVersionDate "2013.06.25"]
[SourceQuality "1"]

1. e4 g6 2. d4 Bg7 3. Nc3 d5 4. exd5 Nf6 5. Bb5+ Nbd7 6. Nf3 0-0 7. 0-0 Nb6 8. Re1 Nbxd5 9. Nxd5 Nxd5 10. Bg5 Bg4 11. c4 Nf6 12. d5 Qd6 13. h3 a6 14. Ba4 h6 15. Bh4 Bxf3 16. Qxf3 b5 17. Bb3 bxc4 18. Bxc4 Qb4 19. b3 Rad8 20. Bg3 Ne8 21. Be5 a5 22. h4 Nd6 23. Qd3 Bxe5 24. Rxe5 Nxc4 25. bxc4 Qd6 26. Rae1 Rd7 27. h5 Kh7 28. hxg6+ Qxg6 29. Qh3 1-0

[Event "Aragon-chT Honor GrB"]
[Site "Aragon"]
[Date "2013.01.26"]
[Round "1.27"]
[White "Romon Poves, Raul"]
[Black "Jaques Burguete, Raul"]
[Result "1-0"]
[WhiteElo "2299"]
[BlackElo "2027"]
[PlyCount "75"]
[EventDate "2013.01.26"]
[EventType "team"]
[EventRounds "7"]
[EventCountry "ESP"]
[SourceTitle "EXT 2014"]
[Source "ChessBase"]
[SourceDate "2013.11.20"]
[SourceVersion "1"]
[SourceVersionDate "2013.11.20"]
[SourceQuality "1"]
[WhiteTeam "IberCaja"]
[BlackTeam "St Casablanca II"]
[WhiteTeamCountry "ESP"]
[BlackTeamCountry "ESP"]

1. e4 d5 2. exd5 Nf6 3. Nf3 Nxd5 4. d4 Bf5 5. Bd3 Bxd3 6. Qxd3 Nc6 7. 0-0 Qd6 8. c4 Nf4 9. Qe4 Ng6 10. Nc3 0-0-0 11. d5 Nce5 12. Nb5 Nxf3+ 13. Qxf3 Qf6 14. Qg3 Rd7 15. Nxa7+ Kb8 16. Bg5 Qd4 17. Qh3 Rd8 18. Nc6+ bxc6 19. Rfd1 Qxc4 20. dxc6 Rd5 21. Qd7 e6 22. Rxd5 Qxd5 23. Rd1 Qxg5 24. Qe8+ Ka7 25. Qc8 Qb5 26. Qxc7+ Ka6 27. Qc8+ Ka5 28. Qa8+ Qa6 29. Qd8+ Kb5 30. a4+ Kxc6 31. Qd7+ Kb6 32. b4 Bxb4 33. Rb1 Ka5 34. Rc1 Rb8 35. Rc6 Qb7 36. Rc7 Qd5 37. Ra7+ Kb6 38. Qc7# 1-0

[Event "Aragon-chT Honor Descenso"]
[Site "Aragon"]
[Date "2012.04.14"]
[Round "10.29"]
[White "Romon Poves, Raul"]
[Black "Valiente Roy, Jose Javier"]
[Result "1-0"]
[WhiteElo "2296"]
[BlackElo "2005"]
[PlyCount "79"]
[EventDate "2012.02.04"]
[EventType "team-tourn"]
[EventRounds "11"]
[EventCountry "ESP"]
[SourceTitle "EXT 2014"]
[Source "ChessBase"]
[SourceDate "2013.11.20"]
[SourceVersion "1"]
[SourceVersionDate "2013.11.20"]
[SourceQuality "1"]
[WhiteTeam "Caissa"]
[BlackTeam "Ramiro II"]
[WhiteTeamCountry "ESP"]
[BlackTeamCountry "ESP"]

1. e4 c6 2. d4 d5 3. Nc3 dxe4 4. Bc4 Nf6 5. f3 e6 6. Bf4 Bb4 7. Nge2 exf3 8. gxf3 Nd5 9. Qd2 Nxf4 10. Qxf4 Nd7 11. 0-0-0 Nb6 12. Bd3 Nd5 13. Nxd5 cxd5 14. Rdg1 Bf8 15. Qe5 Bd7 16. f4 Qb8 17. Qg5 Qd8 18. Qe5 Qb8 19. Qe3 g6 20. h4 h5 21. Bxg6 fxg6 22. Rxg6 Kd8 23. f5 e5 24. dxe5 Qc7 25. Qg5+ Kc8 26. Qf6 b6 27. Qxh8 Kb7 28. e6 Ba4 29. Qc3 Qd6 30. Qd4 Bb5 31. Nc3 Bc6 32. Re1 Qc5 33. Qxc5 Bxc5 34. f6 Bf2 35. Re2 Bxh4 36. Rg7+ Ka6 37. f7 Be7 38. Rg8 h4 39. Rxa8 Bxa8 40. f8Q 1-0

[Event "Aragon-chT Honor GrB "]
[Site "Aragon"]
[Date "2012.03.17"]
[Round "7.17"]
[White "Romon Poves, Raul"]
[Black "Antoli Royo, Joaquin Miguel"]
[Result "0-1"]
[WhiteElo "2296"]
[BlackElo "2410"]
[PlyCount "88"]
[EventDate "2012.02.04"]
[EventType "team-tourn"]
[EventRounds "7"]
[EventCountry "ESP"]
[SourceTitle "EXT 2014"]
[Source "ChessBase"]
[SourceDate "2013.11.20"]
[SourceVersion "1"]
[SourceVersionDate "2013.11.20"]
[SourceQuality "1"]
[WhiteTeam "Caissa"]
[BlackTeam "Jaime Casas"]
[WhiteTeamCountry "ESP"]
[BlackTeamCountry "ESP"]

1. d4 b6 2. e4 Bb7 3. Bd3 g6 4. Nf3 Bg7 5. 0-0 d6 6. Re1 Nd7 7. Nbd2 e6 8. Nf1 Ne7 9. c3 c5 10. Be3 0-0 11. Qd2 cxd4 12. cxd4 Re8 13. Bh6 Bh8 14. h4 Nc6 15. Bc2 e5 16. d5 Nd4 17. Nxd4 exd4 18. h5 b5 19. Bd3 a6 20. Nh2 Ne5 21. f4 Nc4 22. Bxc4 bxc4 23. f5 Qh4 24. hxg6 hxg6 25. fxg6 fxg6 26. Nf3 Qg4 27. Nh2 Qh5 28. Bf4 c3 29. bxc3 dxc3 30. Qd3 Rac8 31. Rab1 Re7 32. Bxd6 Rh7 33. Nf3 c2 34. Rbc1 Rc3 35. Qd2 Rxf3 36. gxf3 Qxf3 37. Bh2 Rh4 38. Re2 Bd4+ 39. Rf2 Rg4+ 40. Kf1 Qh1+ 41. Ke2 Qxe4+ 42. Kf1 a5 43. Qxa5 Qd3+ 44. Re2 Qf3+ 0-1

[Event "Aragon-chT Honor GrB "]
[Site "Aragon"]
[Date "2012.03.03"]
[Round "5.21"]
[White "Romon Poves, Raul"]
[Black "Martinez Catalan, Francisco Javier"]
[Result "1/2-1/2"]
[WhiteElo "2296"]
[BlackElo "2245"]
[PlyCount "32"]
[EventDate "2012.02.04"]
[EventType "team-tourn"]
[EventRounds "7"]
[EventCountry "ESP"]
[SourceTitle "EXT 2014"]
[Source "ChessBase"]
[SourceDate "2013.11.20"]
[SourceVersion "1"]
[SourceVersionDate "2013.11.20"]
[SourceQuality "1"]
[WhiteTeam "Caissa"]
[BlackTeam "La Aurora Estadilla"]
[WhiteTeamCountry "ESP"]
[BlackTeamCountry "ESP"]

1. e4 e6 2. d3 d5 3. Qe2 dxe4 4. dxe4 e5 5. Nf3 Nc6 6. g3 Nf6 7. Bg2 Bc5 8. 0-0 0-0 9. Rd1 Qe7 10. Nc3 Bg4 11. Bg5 Nd4 12. Qd3 c6 13. Nxd4 Bxd4 14. Bf3 Rfd8 15. Qe2 Be6 16. Rd2 b5 1/2-1/2

[Event "Zaragoza op"]
[Site "Zaragoza"]
[Date "2011.09.01"]
[Round "6"]
[White "Cerrajeria Ruiz, Jesus Maria"]
[Black "Romon Poves, Raul"]
[Result "0-1"]
[WhiteElo "2130"]
[BlackElo "2275"]
[PlyCount "104"]
[EventDate "2011.08.27"]
[EventType "swiss"]
[EventRounds "9"]
[EventCountry "ESP"]
[SourceTitle "CBM 144 Extra"]
[Source "ChessBase"]
[SourceDate "2011.10.28"]
[SourceVersion "1"]
[SourceVersionDate "2011.10.28"]
[SourceQuality "1"]

1. e4 g6 2. d4 Bg7 3. Nc3 c5 4. Nf3 cxd4 5. Nxd4 Nc6 6. Be3 Nf6 7. Bc4 0-0 8. Bb3 a5 9. a4 Ng4 10. 0-0 Nxe3 11. fxe3 Ne5 12. Nf3 d6 13. Nxe5 Bxe5 14. Qf3 e6 15. Nd1 Bd7 16. Nf2 Bxb2 17. Rad1 Qe7 18. Nd3 Bg7 19. e5 Bc6 20. exd6 Qxd6 21. Qg4 Rad8 22. Kh1 Qe7 23. Rde1 Bd5 24. Bxd5 Rxd5 25. Qc4 Qd7 26. Rb1 Rc8 27. Qb3 Rc7 28. Nf4 Rd2 29. Qb6 Rcxc2 30. Qxb7 Qxb7 31. Rxb7 Be5 32. h3 Rf2 33. Rxf2 Rxf2 34. Kg1 Ra2 35. Nd3 Bg3 36. Kf1 Rxa4 37. Ke2 Ra3 38. Nc5 Bh4 39. Ne4 Ra4 40. Nd6 Ra2+ 41. Kf3 Rd2 42. Rb8+ Kg7 43. Ne8+ Kh6 44. Rb5 Rf2+ 45. Ke4 Rxg2 46. Rxa5 Rg3 47. Nd6 f5+ 48. Kd3 Rxh3 49. Nf7+ Kg7 50. Ra7 Kf6 51. Nd6 Bf2 52. Rf7+ Kg5 0-1

[Event "Zaragoza op"]
[Site "Zaragoza"]
[Date "2011.08.29"]
[Round "3"]
[White "Juberias Segura, Santiago"]
[Black "Romon Poves, Raul"]
[Result "1/2-1/2"]
[WhiteElo "2047"]
[BlackElo "2275"]
[PlyCount "55"]
[EventDate "2011.08.27"]
[EventType "swiss"]
[EventRounds "9"]
[EventCountry "ESP"]
[SourceTitle "CBM 144 Extra"]
[Source "ChessBase"]
[SourceDate "2011.10.28"]
[SourceVersion "1"]
[SourceVersionDate "2011.10.28"]
[SourceQuality "1"]

1. c4 Nf6 2. g3 g6 3. Bg2 Bg7 4. Nc3 0-0 5. d3 d6 6. e4 c5 7. Rb1 Nc6 8. Nge2 a6 9. a3 Rb8 10. b4 b5 11. cxb5 axb5 12. 0-0 Ne8 13. Be3 Nd4 14. bxc5 dxc5 15. Bxd4 cxd4 16. Nxb5 Qd7 17. a4 Ba6 18. Nf4 e6 19. Qc2 Bxb5 20. axb5 Rxb5 21. Rxb5 Qxb5 22. Rb1 Qa6 23. Qc5 e5 24. Nd5 Nf6 25. Nxf6+ Bxf6 26. Rb6 Qa1+ 27. Bf1 Bg7 28. Qc4 1/2-1/2

[Event "Zaragoza Casablanca op 4th"]
[Site "Zaragoza"]
[Date "2010.12.29"]
[Round "7"]
[White "Estremera Panos, Sergio"]
[Black "Romon Poves, Raul"]
[Result "1-0"]
[WhiteElo "2352"]
[BlackElo "2283"]
[PlyCount "97"]
[EventDate "2010.12.23"]
[EventType "swiss"]
[EventRounds "9"]
[EventCountry "ESP"]
[SourceTitle "CBM 140 Extra"]
[Source "ChessBase"]
[SourceDate "2011.03.01"]
[SourceVersion "1"]
[SourceVersionDate "2011.03.01"]
[SourceQuality "1"]

1. c4 Nf6 2. Nc3 g6 3. e4 d6 4. d4 Bg7 5. Nf3 0-0 6. Be2 e5 7. d5 a5 8. Bg5 h6 9. Bh4 Na6 10. Nd2 Qe8 11. 0-0 Nh7 12. a3 Bd7 13. b3 h5 14. f3 Bh6 15. Rb1 Be3+ 16. Bf2 Bxf2+ 17. Rxf2 Qe7 18. b4 axb4 19. axb4 h4 20. c5 dxc5 21. b5 Nb4 22. Nc4 Nf6 23. f4 Na2 24. Nxa2 Rxa2 25. Bf3 Rxf2 26. Kxf2 exf4 27. e5 Nh7 28. b6 c6 29. dxc6 Bxc6 30. Bxc6 bxc6 31. b7 Rb8 32. Qg4 Qc7 33. Nd6 Qa5 34. Qc8+ Kg7 35. Kg1 Qa2 36. Rf1 Ng5 37. Qg4 Ne6 38. Qxh4 Nd4 39. Qf6+ Kg8 40. Kh1 f3 41. gxf3 Qe6 42. Ra1 Qb3 43. e6 Nxe6 44. Qxf7+ Kh8 45. Qf6+ Kh7 46. Rg1 g5 47. Qf7+ Kh8 48. Rxg5 Qd1+ 49. Rg1 1-0

[Event "Huesca op 3rd"]
[Site "Huesca"]
[Date "2010.09.19"]
[Round "4"]
[White "Romon Poves, Raul"]
[Black "Fontana Sotomayour, Luis Javier"]
[Result "0-1"]
[WhiteElo "2280"]
[BlackElo "2364"]
[PlyCount "54"]
[EventDate "2010.09.11"]
[EventType "swiss"]
[EventRounds "6"]
[EventCountry "ESP"]
[SourceTitle "CBM 138 Extra"]
[Source "ChessBase"]
[SourceDate "2010.10.29"]
[SourceVersion "1"]
[SourceVersionDate "2010.10.29"]
[SourceQuality "1"]

1. e4 d6 2. d4 Nf6 3. Nc3 e5 4. Nf3 Nbd7 5. Bc4 Be7 6. 0-0 0-0 7. a4 a5 8. Qe2 c6 9. Rd1 Qc7 10. Nh4 exd4 11. Rxd4 Nc5 12. b3 Nfd7 13. Nf5 Bf6 14. Qd2 Bxd4 15. Qxd4 Ne5 16. f4 Bxf5 17. fxe5 Ne6 18. Qd3 d5 19. exf5 dxc4 20. Qe3 Rfe8 21. Bb2 Nf8 22. e6 Nxe6 23. Ne4 Qf4 24. Qc3 Qxf5 25. Qxc4 Rad8 26. Rf1 Qd5 27. Qe2 Nd4 0-1

[Event "Zaragoza Casablanca op 3rd"]
[Site "Zaragoza"]
[Date "2009.12.27"]
[Round "3"]
[White "Romon Poves, Raul"]
[Black "Garza Marco, Sergio"]
[Result "0-1"]
[WhiteElo "2284"]
[BlackElo "2452"]
[PlyCount "54"]
[EventDate "2009.12.26"]
[EventType "swiss"]
[EventRounds "9"]
[EventCountry "ESP"]
[SourceTitle "CBM 134 Extra"]
[Source "ChessBase"]
[SourceDate "2010.03.03"]
[SourceVersion "1"]
[SourceVersionDate "2010.03.03"]
[SourceQuality "1"]

1. d4 d5 2. c4 c6 3. Nf3 Nf6 4. Nc3 dxc4 5. e4 b5 6. e5 Nd5 7. a4 e6 8. axb5 Nxc3 9. bxc3 cxb5 10. Ng5 Bb7 11. Qh5 Qd7 12. Be2 g6 13. Qg4 a5 14. 0-0 h6 15. Ne4 Be7 16. Be3 Bd5 17. Qf4 Qc6 18. Nf6+ Bxf6 19. Qxf6 Rh7 20. f3 g5 21. Bxg5 hxg5 22. Qxg5 Nd7 23. h4 b4 24. f4 Qb6 25. f5 bxc3 26. Rf4 Qb2 27. Re1 Qd2 0-1

[Event "Aragon-chT"]
[Site "Aragon"]
[Date "2009.03.28"]
[Round "9"]
[White "Romon Poves, Raul"]
[Black "Martinez Catalan, Francisco Javier"]
[Result "1/2-1/2"]
[WhiteElo "2251"]
[BlackElo "2261"]
[PlyCount "20"]
[EventDate "2009.01.24"]
[EventType "team-swiss"]
[EventRounds "9"]
[EventCountry "ESP"]
[SourceTitle "EXT 2011"]
[Source "ChessBase"]
[SourceDate "2010.11.26"]
[SourceVersion "1"]
[SourceVersionDate "2010.11.26"]
[SourceQuality "1"]

1. c4 g6 2. Nc3 Bg7 3. g3 c5 4. Bg2 Nc6 5. Nf3 e5 6. d3 Nge7 7. 0-0 d6 8. Bd2 0-0 9. Rb1 a5 10. a3 Rb8 1/2-1/2

[Event "Aragon-chT"]
[Site "Aragon"]
[Date "2009.03.21"]
[Round "8"]
[White "Navarro Alonso, Jorge Luis"]
[Black "Romon Poves, Raul"]
[Result "1/2-1/2"]
[WhiteElo "2176"]
[BlackElo "2251"]
[PlyCount "127"]
[EventDate "2009.01.24"]
[EventType "team-swiss"]
[EventRounds "9"]
[EventCountry "ESP"]
[SourceTitle "EXT 2011"]
[Source "ChessBase"]
[SourceDate "2010.11.26"]
[SourceVersion "1"]
[SourceVersionDate "2010.11.26"]
[SourceQuality "1"]

1. e4 e5 2. Nf3 Nc6 3. Bb5 a6 4. Ba4 Nf6 5. Qe2 b5 6. Bb3 Be7 7. c3 0-0 8. 0-0 d5 9. d3 Bb7 10. Rd1 Re8 11. Bg5 Nd7 12. Be3 Nf6 13. Bg5 d4 14. Nbd2 Nd7 15. Bxe7 Qxe7 16. cxd4 Nxd4 17. Nxd4 exd4 18. Rac1 c5 19. Qh5 g6 20. Qh3 Rac8 21. f4 Nb6 22. a4 Nxa4 23. Bxa4 bxa4 24. Nc4 Rb8 25. Rf1 Ba8 26. f5 Rb3 27. Rf3 a3 28. bxa3 Reb8 29. Rcf1 Rb1 30. Qh6 Rxf1+ 31. Rxf1 Rb3 32. Ne5 Qf8 33. Qh4 gxf5 34. Rxf5 Rb1+ 35. Kf2 Rb2+ 36. Kf3 f6 37. Rxf6 Qg7 38. Qg3 Bb7 39. Nd7 Bxe4+ 40. Kxe4 Re2+ 41. Kd5 Qxg3 42. hxg3 Rxg2 43. Rf3 Ra2 44. Nxc5 Rxa3 45. Ne6 h6 46. Kxd4 a5 47. Kc4 Ra1 48. Rf8+ Kh7 49. Ra8 Rc1+ 50. Kb5 Re1 51. Nc5 Rb1+ 52. Kxa5 Rg1 53. Ra7+ Kg6 54. Ne4 Kf5 55. Rh7 Rd1 56. Nc5 Ke5 57. Rxh6 Kd4 58. Na4 Rxd3 59. g4 Ke5 60. Kb5 Rg3 61. Rg6 Kf4 62. Nb6 Rxg4 63. Nd5+ Kf3 64. Rxg4 1/2-1/2

[Event "Aragon-chT"]
[Site "Aragon"]
[Date "2009.02.07"]
[Round "3"]
[White "Romon Poves, Raul"]
[Black "Malo Guillen, Jose Luis"]
[Result "1-0"]
[WhiteElo "2251"]
[BlackElo "2162"]
[PlyCount "47"]
[EventDate "2009.01.24"]
[EventType "team-swiss"]
[EventRounds "9"]
[EventCountry "ESP"]
[SourceTitle "EXT 2011"]
[Source "ChessBase"]
[SourceDate "2010.11.26"]
[SourceVersion "1"]
[SourceVersionDate "2010.11.26"]
[SourceQuality "1"]

1. d4 d5 2. c4 dxc4 3. Nf3 c5 4. e3 cxd4 5. Bxc4 Qc7 6. Bb3 dxe3 7. Bxe3 Nf6 8. 0-0 e6 9. Nc3 Nc6 10. Nb5 Qb8 11. g3 Be7 12. Bf4 e5 13. Nxe5 Nxe5 14. Re1 Nfd7 15. Qd5 0-0 16. Bxe5 Nxe5 17. Rxe5 Bf6 18. Re8 Be6 19. Rxb8 Bxd5 20. Rxa8 Rxa8 21. Bxd5 Bxb2 22. Rb1 Be5 23. Bxb7 Rd8 24. Rc1 1-0

[Event "Aragon-ch"]
[Site "Aragon"]
[Date "2008.08.31"]
[Round "9"]
[White "Salamero Pelay, Fernando"]
[Black "Romon Poves, Raul"]
[Result "1-0"]
[WhiteElo "2125"]
[BlackElo "2208"]
[PlyCount "59"]
[EventDate "2008.08.23"]
[EventType "swiss"]
[EventRounds "9"]
[EventCountry "ESP"]
[SourceTitle "EXT 2011"]
[Source "ChessBase"]
[SourceDate "2010.11.26"]
[SourceVersion "1"]
[SourceVersionDate "2010.11.26"]
[SourceQuality "1"]

1. e4 e5 2. Nf3 Nc6 3. Bb5 a6 4. Ba4 Nf6 5. Qe2 b5 6. Bb3 Be7 7. 0-0 0-0 8. c3 d6 9. Rd1 Na5 10. Bc2 c5 11. d3 Bb7 12. Nbd2 Re8 13. Nf1 Bf8 14. Ng3 g6 15. h3 Bg7 16. Be3 h6 17. Nh2 Qc7 18. Qd2 Kh7 19. Ng4 Nxg4 20. hxg4 d5 21. exd5 Bxd5 22. Kh2 Bb7 23. Rh1 Qe7 24. Bxh6 Bxh6 25. Kg1 Qf8 26. g5 f5 27. Rxh6+ Kg7 28. Qe2 f4 29. Nh5+ gxh5 30. Qxh5 1-0

[Event "Aragon-chT"]
[Site "Aragon"]
[Date "2008.03.08"]
[Round "6"]
[White "Villuendas Valero, Adrian"]
[Black "Romon Poves, Raul"]
[Result "1-0"]
[WhiteElo "2239"]
[BlackElo "2207"]
[PlyCount "115"]
[EventDate "2008.02.02"]
[EventType "team-swiss"]
[EventRounds "12"]
[EventCountry "ESP"]
[SourceTitle "EXT 2011"]
[Source "ChessBase"]
[SourceDate "2010.11.26"]
[SourceVersion "1"]
[SourceVersionDate "2010.11.26"]
[SourceQuality "1"]

1. d4 Nf6 2. c4 g6 3. Nc3 Bg7 4. e4 d6 5. Nf3 0-0 6. Be2 e5 7. 0-0 Nc6 8. d5 Ne7 9. b4 Nh5 10. c5 Nf4 11. Bxf4 exf4 12. Qb3 Bg4 13. Rac1 h6 14. Rfd1 g5 15. Nd4 h5 16. h3 Bxd4 17. hxg4 Bxc3 18. Qxc3 hxg4 19. Bxg4 Ng6 20. Bf5 Ne5 21. Qh3 Kg7 22. Qh7+ Kf6 23. Qh6+ Ng6 24. Bxg6 fxg6 25. Qh3 Re8 26. Rc4 Qe7 27. Rdc1 Rh8 28. Qc3+ Qe5 29. cxd6 cxd6 30. Rc7 Qxc3 31. R1xc3 Rab8 32. f3 g4 33. fxg4 Rhe8 34. R3c4 Kg5 35. Rg7 Rbc8 36. Rxc8 Rxc8 37. Rxb7 Rc4 38. Rxa7 Rxb4 39. Rd7 Kxg4 40. e5 Kg3 41. Kf1 Rb1+ 42. Ke2 Kxg2 43. Rg7 f3+ 44. Ke3 Re1+ 45. Kd3 f2 46. Rxg6+ Kh3 47. Rf6 f1Q+ 48. Rxf1 Rxf1 49. exd6 Kg4 50. Kd4 Rf8 51. Ke5 Re8+ 52. Kf6 Rf8+ 53. Ke7 Rf5 54. d7 Rxd5 55. d8Q Rxd8 56. Kxd8 Kf5 57. a4 Ke5 58. Kc7 1-0